000
00258nam a22001217a 4500
008
181031b xxu||||| |||| 00| 0 eng d
041
_a
eng
080
_a
710
100
_a
45
101
_a
ART
245
_a
The Art Of Thinking
_c
Auld.A
942
_2
udc
_c
BK
999
_c
51248
_d
51248